| 000 | 00464nam a22001697a 4500 | ||
|---|---|---|---|
| 005 | 20240108120211.0 | ||
| 008 | 190613b xxu||||| |||| 00| 0 eng d | ||
| 020 | _a978-93-86700-93-3 | ||
| 041 | _aeng | ||
| 082 |
_a615.1 _bALM-P |
||
| 100 |
_aALAM, DR. SANJAR .,SAHOO,DR. JAGANNATH AND SHARMA,SHIKHA _98293 |
||
| 245 | _aA PRACTICAL BOOK OF PHARMACEUTICS-1 | ||
| 260 |
_aPUNE _bNIRALI PRAKASHAN |
||
| 300 | _a78 p, | ||
| 650 |
_aPHARMACY _xB.PHARMA |
||
| 942 | _cBK | ||
| 999 |
_c5961 _d5959 |
||